Statistiques concernant Pays produisant le plus de canne à sucre

Cliquez ici pour prendre le quiz!

Statistiques générales

  • Ce quiz a été pris 53 fois
  • Le résultat moyen est 14 sur 20

Statistiques - réponses

millions
de tonnes
pays% Correct
759Brésil
98%
104Chine
92%
57,0Mexique
92%
34,6Colombie
88%
306Inde
88%
19,2Argentine
86%
30,2Etats-Unis
84%
21,2Indonésie
82%
9,40Pérou
82%
36,6Australie
68%
16,1Cuba
68%
103Thaïlande
66%
18,4Viêt Nam
66%
9,03Équateur
62%
17,4Afrique du Sud
60%
73,4Pakistan
54%
29,3Philippines
54%
10,4Birmanie
48%
33,8Guatemala
38%
15,3Égypte
24%

Distribution des résultats

Percentile par nombre de réponses

% des personnes avec chaque résultat

Votre développement - résultats

Vous n’avez pas pris ce quiz